00464nam a22001457a 450000500170000002000230001703500320004003700130007210000160008524501100010125000120021126000500022330000260027370000190029920180723130511.0 a8175345330c295.00 aB-167954,B-167952, B-167949 aDPLbENG aKumar, H.L. aPractical guide to employees' provident funds :bAct, rules and schemes /cby H.L. Kumar and Gaurav Kumar a5th ed. aNew DelhibUniversal Law Publishing Co.c2006 axxxvi, 374p.c22 cms. aKumar, Gaurav